1849 1320 1852 1930 1878 1534 1833 1437 1822 1499 1459 1974 1316 1745 1545 1851 1928 1362 1115 1787 1496 1809 1240 1161 1581 1612 1133 1722 1092 1289 1588 1031 1311 1295 1686 1419 1402 1511 1473 1704 1333 1094 1902 1915 1283 1631 1343 1386 1056 1080 1764 1924 1727 1808 1106 1254 1829 1906 1165 1723 1024 1319 1016 1021 1388 1814 1602 1316 1171 1529 1637 1718 1132 1194 1444 1747 1271 1836 1773 1360 1960 1311 1912 1891 1752 1361 1203 1854 1703 1633 1966 1615 1446 1524 1308 1378 1058 1830 1316 BCNSPRNW ULIB Ver.6.0+V

เปลี่ยนเป็นภาษาไทย

Change to English
 แสดงรายละเอียดบรรณานุกรม
  กลับหน้าหลัก

Brief Record : Get Marc (ISO 2709) : E-mail record : QR code < ปิดหน้าต่าง
LEADER : 00000nam 2200000uu 4500
001    13399127437
003     ULIB
008    200525s2015||||th 000 0 tha d
020    ^a9781451193961 (pbk.)
060 04 ^aWD220^bF646
245 00 ^aFluids & electrolytes made incredibly easy /^ceditors,Mary Lou Ambrose ... [et al.] ; illustrators, Scott ThornBarrows ... [et al.]
260    ^aSpringhouse, Pa. :^bSpringhouse Co.,^c2015
300    ^avi, 321 p. :^bill. ;^c24 cm.
504    ^aIncludes bibliographical references
650  2 ^aWater-Electrolyte Imbalance^xnurses instruction
650  2 ^aWater-Electrolyte Balance^xnurses instruction
700 1  ^aAmbrose, Mary Lou,^eed.
700 1  ^aBarrows, Scott Thorn,^eill.
945    ^p0^l0^i28259
999    ^aกัณชพร จุลอักษร
รายการนี้ยังไม่มีแท็ก
คุณยังไม่ได้ล็อกอิน คุณสามารถมีกิจกรรมร่วมกับเว็บไซต์ได้ แต่ต้องล็อกอินก่อน ::
  ล็อกอิน

รายการสื่อสารสนเทศ

ลำดับที่ ประเภท เลขเรียก/บาร์โค้ด สถานที่ สถานะ
1. หนังสือสำรอง
หนังสือสำรอง
WD220 F646 ฉ.1 
  Barcode: 28259
ห้องสมุดวิทยาเขตนครสวรรค์
►หนังสือทั่วไป:l:General Books
บนชั้น

BibComment


ยังไม่เคยถูกคอมเมนท์

คอมเมนท์ทรัพยากรรายการนี้
  คอมเมนท์: Fluids electrol..


 Copyright 2026. Bcnsprnw @Library